00946nam a2200229 a 450000500170000000800410001702000150005804000350007304100080010804400070011608200190012310000280014224501980017026000350036830000490040349000490045265000650050165000550056670000300062170000310065170000340068220160811150257.0100409s2003 ck d gr 000 0dspa d a9589730175 aCO-BoBLA cCO-BoBLAdCO-BoIAVH0 aspa ack04a333.917 bC33c1 aAlonso Carvajal, David.10aConceptos y guía metodológica para el manejo integrado de zonas costeras en Colombia ; pmanual 1 : Preparación, caracterización y diagnóstico /cDavid Alonso Carvajal ... [y otros 3] aSanta Marta :bInvemar,c2003. a94 páginas :bgráficas, tablas ;c30 cm.0 aSerie de documentos generales Invemar ; v12 4aManejo de zonas costerasz Santa Marta (Magdalena, Colombia) 4aZonas costerasz Santa Marta (Magdalena, Colombia)1 aArias Isaza, Francisco A.1 aFontalvo Herazo, Martha L.1 aSierra-Correa, Paula Cristina